Movies Quiz

Random Movies or Quote Quiz
Score 0/25 Timer 06:00
11 Plays Today
% Correct
Cinderella
92.5%
Jasmine
91.9%
Belle
91.4%
Tiana
90.3%
Tiana
90.2%
Tiana
87.3%
Belle
86.9%
Cinderella
86.4%
Jasmine
84.6%
Aurora
81.2%
Tiana
80.3%
Cinderella
79%
Belle
78.1%
% Correct
Jasmine
77.4%
Jasmine
72.3%
Cinderella
70.5%
Aurora
69.6%
Belle
67.6%
Aurora
67.4%
Cinderella
66.4%
Aurora
54.4%
Belle
54.4%
Jasmine
50.5%
Tiana
39.7%
Aurora
37.3%
Remove Ads.
Support Sporcle.
Get the best of Sporcle when you Go Orange. This ad-free experience offers more features, more stats, and more fun while also helping to support Sporcle. Thank you for becoming a member.

You're not logged in!

Compare scores with friends on all Sporcle quizzes.
OR
Log In

Show Comments

Extras

Top Quizzes Today


Score Distribution

Your Account Isn't Verified!

In order to create a playlist on Sporcle, you need to verify the email address you used during registration. Go to your Sporcle Settings to finish the process.

Report this User

Report this user for behavior that violates our Community Guidelines.

Details: